AP United States Government and Politics #4 - Statistics

General Stats
  • This quiz has been taken 61 times
    60 since last reset
  • The average score is 5 of 10
Answer Stats
Hint Answer % Correct
First 10 amendments Bill of Rights
96%
Amendment: Right to own a gun 2nd amendment
61%
Amendment: Voting rights for women 19th amendment
59%
Amendment: Cruel and unusual punishment 8th amendment
55%
Amendment: Powers reserved to states 10th amendment
53%
Clause used in Wisconsin vs. Yoder Free exercise
45%
Clause used in McCulloch vs. Maryland Supremacy
41%
The method of using a past court case to decide a current court case Stare decisis
37%
Document that talks about judicial review Federalist 78
31%
Document that addresses the need for civil disobedience to achieve civil rights Letter from a Birmingham Jail
31%
No matching quizzes found
Score Distribution
Percent of People with Each Score
Percentile by Number Answered
Your Score History
You have not taken this quiz since the last reset